L'économie du cinéma en 50 fiches (notice n° 1706596)

détails MARC
000 -LEADER
fixed length control field 01088cam a2200133 4500500
005 - DATE AND TIME OF LATEST TRANSACTION
control field 20260322000458.0
041 ## - LANGUAGE CODE
Language code of text/sound track or separate title fre
042 ## - AUTHENTICATION CODE
Authentication code dc
100 10 - MAIN ENTRY--PERSONAL NAME
Personal name Creton, Laurent
Relator term author
245 00 - TITLE STATEMENT
Title L'économie du cinéma en 50 fiches
260 ## - PUBLICATION, DISTRIBUTION, ETC.
Name of publisher, distributor, etc. Armand Colin,<br/>
Date of publication, distribution, etc. 2024.<br/>
520 ## - SUMMARY, ETC.
Summary, etc. Le cinéma, monde polymorphe qui conjugue art et industrie, poésie et divertissement, ne peut être abordé pleinement sans prendre en compte sa dimension socio-économique. L’objectif de cet ouvrage est de proposer une synthèse des connaissances fondamentales à maîtriser dans ce domaine, sous la forme de 50 fiches. L’auteur y présente avec rigueur les cadres d’analyse et les grilles de lecture nécessaires à l’étude des structures et des évolutions de la filière cinématographique.Cette 7e édition met en lumière les problématiques liées aux évolutions des pratiques culturelles et les débats actuels autour des nouveaux médias audiovisuels.
856 41 - ELECTRONIC LOCATION AND ACCESS
Uniform Resource Identifier <a href="https://shs.cairn.info/l-economie-du-cinema-en-50-fiches-7e-ed--9782200639327?lang=fr&redirect-ssocas=7080">https://shs.cairn.info/l-economie-du-cinema-en-50-fiches-7e-ed--9782200639327?lang=fr&redirect-ssocas=7080</a>

Pas d'exemplaire disponible.

PLUDOC

PLUDOC est la plateforme unique et centralisée de gestion des bibliothèques physiques et numériques de Guinée administré par le CEDUST. Elle est la plus grande base de données de ressources documentaires pour les Étudiants, Enseignants chercheurs et Chercheurs de Guinée.

Adresse

627 919 101/664 919 101

25 boulevard du commerce
Kaloum, Conakry, Guinée

Réseaux sociaux

Powered by Netsen Group @ 2025